| 000 | 01208nam a2200325 i 4500 | ||
|---|---|---|---|
| 999 |
_c65235 _d65235 |
||
| 001 | 768714001 | ||
| 003 | CO-MdFUSB | ||
| 005 | 20190923124320.0 | ||
| 008 | 190919t2010 sp b|||| |||| 00| 0 spa d | ||
| 020 | _a9788466643801 | ||
| 040 |
_aCO-MdFUSB _bspa _cCO-MdFUSB _dCO-MdFUSBC _erda |
||
| 041 | _aspa | ||
| 082 |
_223 _a813.609 _bJ76a |
||
| 100 |
_aJones, Sherry. _eautor |
||
| 240 | _aThe sword of Medina | ||
| 245 |
_aAisha y Alí. _c/ Sherry, Jones ; traducido por Federico Vázquez-Fournier |
||
| 250 | _aPrimera edición. | ||
| 264 |
_aBarcelona, España : _bEdiciones B, _c[2010] |
||
| 264 | _c© 2010 | ||
| 300 |
_a332 páginas _c; 21 cm |
||
| 336 |
_2rdacontent _atexto _btxt |
||
| 337 |
_2rdamedia _asin mediación _bn |
||
| 338 |
_2rdacarrier _avolumen _bnc |
||
| 505 | _aEl primer califa rectamente guiado. Abu Bark 632-634 d.C. -- El segundo califa rectamente guiado Umar 634-644 d.C. -- El tercer califa rectamente guiado. Uthman 644-656 d.C. -- El cuarto califa rectamente guiado. Alí 656-661 d.C. | ||
| 563 | _aRústico | ||
| 650 | 7 |
_2embne _92493 _aLiteratura norteamericana |
|
| 700 |
_92484 _aVázquez-Fournier, Federico. _etraductor |
||
| 942 | _cBK | ||
| 945 | _aJTF-925 | ||